| 000 | 01281nam a22002657a 4500 | ||
|---|---|---|---|
| 003 | DO-SdBNP | ||
| 005 | 20220328110602.0 | ||
| 008 | 210323b2009 dr ||| 00| 0 spa d | ||
| 020 | _a9789993439554 | ||
| 040 |
_aBPMSU _bspa _cBPMSU |
||
| 082 |
_b410 _aA325i 2009 _222 |
||
| 100 | 1 | 0 |
_aAlba , Orlando _d1948 - |
| 245 | 1 | 3 |
_aLa identidad lingüística de los dominicanos / _c Orlando Alba |
| 260 |
_aSanto Domingo : _bLibrería la Trinitaria , _c2009. |
||
| 300 |
_a166 p. ; _bil. _c22 cm. |
||
| 500 | _a Incluyes datos biográficos del autor en las solapas. | ||
| 504 | _aBibliográfica ´p. 161- 166. | ||
| 505 |
_tPresentación -- _tNo hay un dialecto superior a otro -- _tExiste un español típicamente dominicana -- _tEl error de mesclar fenómenos lingüístico diferentes. -- _tEl español estándar en inclusivo , no exclusivo. -- _tPesimismo frente a lealtad lingüística -- _tHipercorrección en las noticias de televisión -- _8Integración de los préstamos: un reflejo de la estabilidad del español dominicano -- _8Los dominicanos y las dominicanas -- _8Bibliográfica. |
||
| 590 | _aInventariado, 2022/VM | ||
| 650 | 4 | _aLingüística | |
| 650 | 4 | _aLenguaje y lengua | |
| 650 | 4 |
_aLingüística _xAspectos sociales |
|
| 910 | _aMcabrera / VMateo V. | ||
| 942 |
_2ddc _cBK |
||
| 999 |
_c13407 _d13407 |
||